| 000 | 00906nas a2200277 4500 | ||
|---|---|---|---|
| 001 | BR8806915 | ||
| 003 | BR-BrBNA | ||
| 005 | 20231205091352.0 | ||
| 007 | ta | ||
| 008 | 230509b bl.|||p| |||| 00| 00por d | ||
| 040 |
_aBR-BrBNA _bpor _cBiblioteca Nacional de Agricultura |
||
| 041 | _a(En) | ||
| 072 | _aL02 | ||
| 100 | 1 | _aQueiroz, S.A. de | |
| 100 | 1 | _aRamos, A.A. | |
| 100 | 1 | _aGiannoni, M.A. | |
| 100 | 1 | _aGiannoni, M.L. | |
| 245 | 1 | _aEnvironmental effects on the variation of productive traits in holstein-friesian x zebu cross-bred cattle in the region of Sao Carlos, state of Sao Paulo, Brazil. 2. Lactation length | |
| 650 | _aLACTACAO | ||
| 650 | _aGADO MESTICO | ||
| 650 | _aSAO CARLOS | ||
| 650 | _aSAO PAULO | ||
| 773 | 0 |
_tARS Veterinaria (Brazil) _xISSN 0102-6380 _g(Jun 1987), v. 3(1) p. 119-126 _wBR8806915 |
|
| 909 |
_a202311 _bLúcia _c55 _dLúcia Elande |
||
| 942 |
_2AGRIS _n0 _cANA |
||
| 999 |
_c124630 _d124630 |
||